Elvis : And the Birth of Rock and Roll /

Selección de fotografías en blanco y negro del primer año de la carrera del cantante Elvis Presley (1956), quien fuera capturado por la lente de Alfred Wertheimer en más de 3000 fotos. La obra muestra el nacimiento de El Rey, pero también presenta, según palabras de Wertheimer, el retrato de un homb...

Täydet tiedot

Tallennettuna:
Bibliografiset tiedot
Päätekijä: Wertheimer, Alfred (fotógrafo)
Muut tekijät: Murray, Chris (edición) (edición), Santelli, Robert (estudio) (estudio)
Aineistotyyppi: Kirja
Kieli:englanti
Julkaistu: Colonia, Alemania : Taschen, 2015, c2015
Aiheet:
Tagit: Lisää tagi
Ei tageja, Lisää ensimmäinen tagi!

MARC

LEADER 00000nam^a2200000^a^4500
001 000416513
005 20250521000000.0
009 20260310122325.476
020 |a 978-3-8365-5907-2 
037 |a Acervo ITESO - Biblioteca 
041 |a ING 
082 |b 787. 10973  |b WER MUR 
100 |a Wertheimer, Alfred  |e (fotógrafo) 
245 1 0 |a Elvis :  |b And the Birth of Rock and Roll /  |c Fotografía de A. Wertheimer ; ed. de C. Murray ; estudio de R. Santelli. 
264 4 |a Colonia, Alemania :  |b Taschen,  |c 2015, c2015 
300 |a 359 p. :  |b tapa dura 
336 |a texto  |b txt  |2 rdacontenido 
337 |a sin mediación  |b n  |2 rdamedio 
338 |a volumen  |b nc  |2 rdasoporte 
520 |a Selección de fotografías en blanco y negro del primer año de la carrera del cantante Elvis Presley (1956), quien fuera capturado por la lente de Alfred Wertheimer en más de 3000 fotos. La obra muestra el nacimiento de El Rey, pero también presenta, según palabras de Wertheimer, el retrato de un hombre cercano, vulnerable y ensimismado. 
649 |a XX 
650 |a Cantantes Norteamericanos -  |x Fotografías -  |x Tema Principal 
650 |a Artistas Norteamericanos -  |x Fotografías -  |x Tema Principal 
650 |a Rock -  |z EUA -  |x Historia y Crítica 
650 |a Rock -  |x Historia y Crítica 
650 |a Música Popular Moderna -  |z EUA -  |x Historia y Crítica 
650 |a Música Popular Moderna -  |x Historia y Crítica 
650 |a Música Norteamericana -  |y Siglo XX 
650 |a Música Norteamericana -  |x Historia y Crítica 
650 |a Música -  |x Historia y Crítica 
650 |a Fotografía en Blanco y Negro -  |z EUA 
650 |a Fotografía Norteamericana -  |y 1950-1959 
650 |a Fotografía Norteamericana -  |y Siglo XX 
650 |a Fotografía Norteamericana -  |x Historia y Crítica -  |x Tema Principal 
650 |a Arte Norteamericano -  |y 1950-1959 
650 |a Arte Norteamericano -  |y Siglo XX 
650 |a Arte Norteamericano -  |x Historia y Crítica 
650 |a Arte -  |y 1950-1959 
650 |a Arte -  |y Siglo XX 
650 |a Arte -  |x Historia y Crítica 
650 |a Presley, Elvis -  |x Tema Principal 
700 |a Murray, Chris  |e (edición) 
700 |a Santelli, Robert  |e (estudio) 
910 |a Fondo General 
920 |a Impresos - Libros 
930 |a Apartado Especial 
905 |a 149 
901 |a 0500326555  |b IT2  |c AEE  |i C160969  |u 20250521 
902 |a https://opac.biblio.iteso.mx/vufind/Record/000416513